| 000 | 00730cab a2200217 4500 | ||
|---|---|---|---|
| 001 | WB3235-12 | ||
| 008 | 090401t1996 xxu||||| |||| 00| 0 eng d | ||
| 035 | _a(Sirsi) u1352 | ||
| 041 | _aeng | ||
| 245 | _aSt Pancras Chambers | ||
| 260 | _c1996 | ||
| 350 | _a0 | ||
| 490 |
_aFinancial Times _v18 September 1996, 10(1) |
||
| 520 | _aLondon & Continental Railways has launched a competition to find a new use for St Pancras Chambers. The Grade 1 listed building stands in front of St Pancras Station and has been empty since 1985. | ||
| 650 | _aLISTED BUILDINGS | ||
| 650 | _aLONDON AND CONTINENTAL RAILWAYS | ||
| 650 | _aST PANCRAS CHAMBERS | ||
| 690 | _aPROPERTY-PROPERTY DEVELOPMENT | ||
| 942 | _n0 | ||
| 948 | _c04/03/1997 | ||
| 999 |
_c743 _d743 |
||